| 000 | 01399cam a22002891i 4500 | ||
|---|---|---|---|
| 003 | SA-RiAUC | ||
| 005 | 20250727060810.0 | ||
| 008 | 250727s2006 xx f 000r0 ara c | ||
| 040 |
_aSA-RiSU _bara _cSA-RiAUC _erda |
||
| 043 | _aa-su--- | ||
| 050 | 4 | _bS48 2006 | |
| 082 | 0 | 4 |
_a953.122 _qSA-RiAUC |
| 090 |
_a953.122 _bش م ر |
||
| 100 | 1 |
_aالشمري، حصة بنت عبيد بن صويان _eمؤلف. |
|
| 245 | 1 | 0 |
_aتخطيط المدينة المنورة في العهد النبوي والخلافة الراشدة (1-40 هـ. / 622-661 م.) : _bدراسة حضارية في ضوء المصادر التاريخية / _cحصة بنت عبيد بن صويان الشمري. |
| 250 | _aالطبعة الأولى. | ||
| 264 | 1 |
_a[مكان النشر غير محدد] : _bمؤسسة عبد الرحمن السديري الخيرية، _c2006 |
|
| 300 |
_a343 صفحة ؛ _c24 سم. |
||
| 336 |
_aنص _btxt _2rdacontent _3كتاب |
||
| 337 |
_aبدون وسيط _bn _2rdamedia |
||
| 338 |
_aمجلد _bnc _2rdacarrier |
||
| 490 | 1 |
_aرسائل جامعية ؛ _v5 |
|
| 651 | 7 |
_aالمدينة المنورة _xتاريخ _yعصر صدر الإسلام، 13 قبل الهجرة-41 هجري _2aucsh |
|
| 830 | 0 |
_aرسائل جامعية (مؤسسة عبد الرحمن السديري الخيرية) _v5 |
|
| 942 |
_2ddc _cBOOK _n0 |
||
| 949 |
_aSA-JeALM _d250727 _umohamedma123 _n1 |
||
| 999 |
_c10322 _d10322 |
||